00274nam a2200097Ia 4500008004100000100001900041245003300060245002000093260000900113856005400122160531s9999 xx 000 0 und d aDeVoe, Howard. aThermodynamics and Chemistry cby Howard DeVoe c2011 uhttp://www2.chem.umd.edu/thermobook/downloads.htm